LEADER 01883nam 2200361Ia 450 001 996395595903316 005 20221108075516.0 035 $a(CKB)3810000000017452 035 $a(EEBO)2240958561 035 $a(OCoLC)12426530 035 $a(EXLCZ)993810000000017452 100 $a19850826d1641 uy | 101 0 $aeng 135 $aurbn||||a|bb| 200 10$aMeroz curse for not helping the Lord against the mightie$b[electronic resource] $ebeing the substance of a sermon, preached on a day of humiliation, at St. Sepulchers, London, Decemb. 2. 1641 /$fby that powerfull and Godly divine, Mr. Stephen Marshall ; published in one sheet of paper, (not by the author) but by a lover of the truth, for their good especially, that are not able to buy bigger bookes ; being a very seasonable subject, wherein all that either out of policie or sloth, rfuse to helpe the Lord, may see their danger, and they that are willing are called, and directions given to them both what manner of persons they ought to be, and what they ought to doe to help the Lord ; wherein also every true Christian may see, that though they be never so weake or poore, yet they may, and ought to helpe the Lord, and by what meanes 210 $aLondon $c[s.n.]$d1641 215 $a[2], 6 p 300 $aReproduction of original in: Beinecke Rare Book and Manuscript Library. 330 $aeebo-0167 606 $aFast-day sermons 606 $aSermons, English$y17th century 607 $aGreat Britain$xPolitics and government$y1625-1649$vSermons 615 0$aFast-day sermons. 615 0$aSermons, English 700 $aMarshall$b Stephen$f1594?-1655.$01001459 801 0$bEAA 801 1$bEAA 801 2$bm/c 801 2$bWaOLN 906 $aBOOK 912 $a996395595903316 996 $aMeroz curse for not helping the Lord against the mightie$92363336 997 $aUNISA LEADER 01631nam0 22003733i 450 001 CFI0088965 005 20251003044120.0 100 $a20160929d1984 ||||0itac50 ba 101 | $aita 102 $ait 181 1$6z01$ai $bxxxe 182 1$6z01$an 183 1$6z01$anc$2RDAcarrier 200 1 $aˆLa ‰riforma del salario$f[relazioni di] G. Benvenuto ... [et al.] 210 $aMilano$cFranco Angeli$d©1984 215 $a150 p.$d22 cm 225 | $aLavoro italiano. -$i Temi d'oggi$v2 300 $aSegue: Documenti 300 $aSi tratta degli atti del Convegno tenuto nel 1984. 410 0$1001CFI0012907$12001 $aLavoro italiano. -$i*Lavoro italiano. Temi d'oggi$v2 606 $aRetribuzione$2FIR$3CFIC019196$9I 676 $a331.2$9CONDIZIONI DI LAVORO.$v21 676 $a331.21$9ECONOMIA DEL LAVORO. Retribuzioni$v23 676 $a331.2945$9SALARIO, ORARIO, ALTRE CONDIZIONI DI LAVORO. ITALIA$v20 702 1$aBenvenuto$b, Giorgio$3CFIV010356 801 3$aIT$bIT-000000$c20160929 850 $aIT-BN0095 $aIT-NA0581 901 $bNAP FC$cFONDO $n$ 901 $bNAP 01$cPOZZO LIB.$nVi sono collocati fondi di economia, periodici di ingegneria e scienze, periodici di economia e statistica e altri fondi comprendenti documenti di economia pervenuti in dono. 912 $aCFI0088965 950 0$aBiblioteca Centralizzata di Ateneo$c1 v.$d 01POZZO LIB.F. SANTI 690$e 0101 0060034315E VMA 1 v. (Precedente collocazione S 625)$fB $h20221118$i20221118 977 $a 01$a FC 996 $aRiforma del salario$9497630 997 $aUNISANNIO